Подробности
| 000 -МАРКЕР |
| контрольное поле |
04255nam0a2200337 4500 |
| 001 - ИДЕНТИФИКАТОР ЗАПИСИ |
| контрольное поле |
RU\NLR\BIBL_A\012833314 |
| 005 - ИДЕНТИФИКАТОР ВЕРСИИ |
| контрольное поле |
20260113114315.0 |
| 010 ## - МЕЖДУНАРОДНЫЙ СТАНДАРТНЫЙ НОМЕР КНИГИ (ISBN) |
| Номер (ISBN) |
978-5-8088-1677-0 |
| Тираж |
50 |
| 021 ## - НОМЕР ГОСУДАРСТВЕННОЙ РЕГИСТРАЦИИ |
| Код страны |
Российская Федерация |
| Номер |
КН-П-22-021893 |
| Номер Листа государственной регистраци |
КН-П-22-1877 |
| 035 ## - ДРУГИЕ СИСТЕМНЫЕ НОМЕРА |
| Идентификатор записи |
(NLR Aleph) 012833314 |
| 035 ## - ДРУГИЕ СИСТЕМНЫЕ НОМЕРА |
| Идентификатор записи |
(RuMoRGB)011036462 |
| 100 ## - ДАННЫЕ ОБЩЕЙ ОБРАБОТКИ |
| Данные общей обработки |
20220629d2021 u y0rusy50 ca |
| 101 0# - ЯЗЫК РЕСУРСА |
| Язык текста, звукозаписи и т.д. |
русский |
| 102 ## - СТРАНА ПУБЛИКАЦИИ ИЛИ ПРОИЗВОДСТВА |
| Страна публикации |
Российская Федерация |
| 105 ## - ПОЛЕ КОДИРОВАННЫХ ДАННЫХ: ТЕКСТОВЫЕ МАТЕРИАЛЫ, МОНОГРАФИЧЕСКИЕ |
| Кодированные данные о монографическом текстовом документе |
y j 000zy |
| 181 #0 - ПОЛЕ КОДИРОВАННЫХ ДАННЫХ: ВИД СОДЕРЖАНИЯ |
| Код вида содержания (ISBD) |
i4 |
| Код характеристики содержания (ISBD) |
axxe |
| 182 #0 - ПОЛЕ КОДИРОВАННЫХ ДАННЫХ: ТИП СРЕДСТВА |
| Код типа средства (ISBD) |
n - непосредственное |
| 200 1# - ЗАГЛАВИЕ И СВЕДЕНИЯ ОБ ОТВЕТСТВЕННОСТИ |
| Основное заглавие |
Международное сотрудничество в борьбе с экономическими преступлениями |
| Сведения, относящиеся к заглавию |
учебное пособие |
| -- |
для студентов очной и заочной форм обучения юридического и экономического факультетов, обучающихся по программам специалитета в Санкт-Петербургском государственном университете аэрокосмического приборостроения по специальности 38.05.02 "Таможенное дело", направленностей "Правоохранительная деятельность" и "Таможенное регулирование внешнеэкономической деятельности"; по специальности 38.05.01 "Экономическая безопасность" направленности "Финансовый учет и контроль в правоохранительных органах" |
| Первые сведения об ответственности |
Г. П. Ермолович |
| Последующие сведения об ответственности |
Министерство науки и высшего образования Российской Федерации, Федеральное государственное автономное образовательное учреждение высшего образования Санкт-Петербургский государственный университет аэрокосмического приборостроения |
| 203 ## - ВИД СОДЕРЖАНИЯ И ТИП СРЕДСТВА |
| Вид содержания |
Текст |
| Дополнительные сведения об издании |
визуальный |
| Тип средства |
непосредственный |
| 210 ## - ПУБЛИКАЦИЯ, РАСПРОСТРАНЕНИЕ И ДР. |
| Место издания, распространения и т.д. |
Санкт-Петербург |
| Имя издателя, распространителя и т. д. |
ГУАП |
| Дата издания, распространения и т.д. |
2021 |
| 215 ## - ФИЗИЧЕСКАЯ ХАРАКТЕРИСТИКА |
| Специфическое обозначение материала и объем |
151 с. |
| Размеры |
21 |
| 320 ## - ПРИМЕЧАНИЯ О НАЛИЧИИ В ДОКУМЕНТЕ БИБЛИОГРАФИИ / УКАЗАТЕЛЯ |
| Текст примечания |
Библиогр.: с. 145-148 и в подстроч. примеч. |
| 330 ## - РЕЗЮМЕ ИЛИ РЕФЕРАТ |
| Текст примечания |
Разработано в соответствии с требованиями федерального государственного образовательного стандарта высшего образования по специальности 38.05.02 <Таможенное дело> направленности <Правоохранительная деятельность> (уровень специалитета). Предназначено для студентов очной и заочной форм обучения юридического и экономического факультетов, обучающихся по программам специалитета в Санкт-Петербургском государственном университете аэрокосмического приборостроения по специальности 38.05.02 <Таможенное дело>, направленностей <Правоохранительная деятельность> и <Таможенное регулирование внешнеэкономической деятельности>; по специальности 38.05.01 <Экономическая безопасность> направленности <Финансовый учет и контроль в правоохранительных органах> |
| 606 1# - НАИМЕНОВАНИЕ ТЕМЫ КАК ПРЕДМЕТ |
| Наименование темы |
Преступления в сфере экономики |
| Формальный подзаголовок |
Учебные издания для высших учебных заведений |
| Тематический подзаголовок |
Борьба с ними |
| -- |
Международно-правовые вопросы |
| Системный номер авторитетной/нормативной записи |
2475241 |
| Идентификатор авторитетной/нормативной записи |
RU\NLR\AUTH\661469789 |
| 686 1# - ИНДЕКСЫ ДРУГИХ КЛАССИФИКАЦИЙ |
| Индекс |
Х916.8я73 |
| 700 #1 - ИМЯ ЛИЦА - ПЕРВИЧНАЯ ОТВЕТСТВЕННОСТЬ |
| Графика поля |
Кириллица |
| Материалы, к которым относится поле |
rus |
| Начальный элемент ввода |
Ермолович |
| Часть имени, кроме начального элемента ввода |
Г. П. |
| Даты |
1955- |
| Расширение инициалов личного имени |
Геннадий Павлович |
| Системный номер авторитетной/нормативной записи |
2692641 |
| Идентификатор авторитетной/нормативной записи |
RU\NLR\AUTH\770288575 |
| 942 ## - ДОПОЛНИТЕЛЬНЫЕ ЭЛЕМЕНТЫ ЗАПИСИ (АБИС) |
| Тип экземпляра АБИС |
Книга |
| 980 ## - КОЛЛЕКЦИЯ |
| Название коллекции |
Национальная библиография |